Remplissez les trous - Harry Potter - Version longue - Statistiques

Statistiques générales
  • Ce quiz a été pris 577 fois
  • Le résultat moyen est 108 sur 150
Statistiques - réponses
Mots % Correct
Harry {Potter}
100%
Dob{by}
91%
Albus {Dumbledore}
90%
{Hermione} Granger
90%
{Nick} Quasi-Sans-Tête
90%
{Vif} d'or
90%
{Pierre} philosophale
89%
Wingardium {Leviosa}
89%
{Ser}pentard
88%
Azka{ban}
87%
{Cape} d'invisibilité
87%
{Chemin} de Traverse
87%
{Pou}dlard
87%
Severus {Rogue}
87%
Sirius {Black}
87%
Cogn{ard}
86%
Fred {Weasley}
86%
George {Weasley}
86%
Ginny {Weasley}
86%
Ministère de la {magie}
86%
{Neville} Londubat
86%
Quid{ditch}
86%
Serd{aigle}
86%
Bellatrix {Lestrange}
85%
Coupe de {feu}
85%
Détra{queur}
85%
Gazette du {sorcier}
85%
{Lord} Voldemort
85%
{Rubeus} Hagrid
85%
Tom {Jedusor}
85%
{Hed}wige
84%
Luna {Lovegood}
84%
Mol{du}
84%
Salle sur {demande}
84%
{Chambre} des secrets
83%
Croût{ard}
83%
{Stu}péfix
83%
Tournoi des {Trois} Sorciers
83%
Carte du {Maraudeur}
82%
{Cho} Chang
82%
Choco{grenouille}
82%
{Dolores} Ombrage
82%
Drago {Malefoy}
82%
Dudley {Dursley}
82%
Le {Chaudron} baveur
82%
Molly {Weasley}
82%
Nagi{ni}
82%
Pré-Au-{Lard}
82%
Arthur {Weasley}
81%
Minerva {McGonagall}
81%
{Porto}loin
81%
Basi{lic}
80%
Éclair de {feu}
80%
{Forêt} interdite
80%
Vernon {Dursley}
80%
{Manoir} des Malefoy
79%
{Remus} Lupin
79%
Beaux{bâtons}
78%
{Cra}cmol
78%
{Trans}planer
78%
Mimi {Geignarde}
77%
Nymphadora {Tonks}
77%
Pétunia {Dursley}
77%
Incen{dio}
76%
Les {Trois} Balais
76%
Magico{bus}
76%
{4}, Privet Drive
75%
{Alastor} Maugrey
75%
{Aloh}omora
75%
Crock{dur}
75%
{Gryff}ondor
75%
Le Baron {Sanglant}
75%
Reduc{to}
75%
{Choix}peau
74%
{Expel}liarmus
74%
Godric's {Hollow}
74%
Histoire de la {magie}
74%
Patten{rond}
74%
Sectum{sempra}
74%
Divi{nation}
73%
Grosse {Dame}
73%
{Philtre} d'amour
73%
Ara{gog}
72%
{Épée} de Gryffondor
72%
Felix {Felicis}
72%
{Oub}liettes
72%
Peter {Pettigrow}
72%
{Sou}affle
72%
{Retourneur} de temps
71%
Ani{magus}
70%
{Fum}seck
70%
{Soins} aux créatures magiques
70%
King's {cross}
69%
Miss {Teigne}
69%
Nim{bus}
69%
Poudre de {cheminette}
69%
Rapel{tout}
69%
Sibylle {Trelawney}
69%
12, {square} Grimmaurd
68%
Ac{cio}
68%
Allée des {Embrumes}
68%
Argus {Rusard}
68%
Barjow et {Beurk}
68%
Dean {Thomas}
68%
Norvégien à {crête}
68%
Amplifi{catum}
67%
Miroir du {Riséd}
67%
{Bertie} Crochue
66%
Grip{sec}
66%
Poudlard {Express}
66%
Seamus {Finnigan}
66%
Gring{otts}
65%
{Reliques} de la Mort
65%
Spero {Patronum}
65%
{Armoire} à disparaître
64%
{Durm}strang
64%
Vincent {Crabbe}
64%
{Filius} Flitwick
63%
La Dame {Grise}
63%
Sorti{lège}
63%
Niff{leur}
62%
{Pomona} Chourave
62%
Gregory {Goyle}
61%
Fleury et {Bott}
61%
{Honey}dukes
61%
Hôpital Sainte-{Mangouste}
61%
La Tête de {Sanglier}
61%
Kreat{tur}
60%
Le Moine {Gras}
60%
{Pansy} Parkinson
60%
{Riddi}kulus
60%
Béso{ard}
57%
Weasley, Farces pour sorciers {facétieux}
56%
{Étude} des Runes
55%
Lutin de {Cornouaille}
55%
{Mandra}gore
53%
{Chaumière} aux coquillages
52%
{Beu}glante
51%
{Ernie} Macmillan
50%
Legili{mens}
49%
Piertotum {Locomotor}
49%
{Fourche}lang
48%
{Tue}-Loup
48%
Délum{inateur}
47%
{Monstrueux} livre des monstres
45%
{Con}fundo
35%
{Little} Hangleton
33%
{Impasse} du Tisseur
28%
Tour de l'{Horloge}
28%
{Miroir} à double sens
27%
Aucun quiz correspondant
Distribution des résultats
% des personnes avec chaque résultat
Percentile par nombre de réponses
Votre historique - résultats
Vous n’avez pas pris ce quiz